<?xml version="1.0" encoding="UTF-8"?>
<collection xmlns="http://www.loc.gov/MARC21/slim">
 <record>
  <leader>01197nam a2200193Ia 4500</leader>
  <controlfield tag="001">TDMU_16992</controlfield>
  <controlfield tag="008">210410s9999    xx            000 0 und d</controlfield>
  <datafield tag="082" ind1=" " ind2=" ">
   <subfield code="a">306.872</subfield>
  </datafield>
  <datafield tag="090" ind1=" " ind2=" ">
   <subfield code="b">Đ450</subfield>
  </datafield>
  <datafield tag="100" ind1=" " ind2=" ">
   <subfield code="a">Đỗ, Mạnh Tuấn</subfield>
  </datafield>
  <datafield tag="245" ind1=" " ind2="0">
   <subfield code="a">Khác biệt quan niệm giữa vợ - chồng trong gia đình trẻ về một số giá trị gia đình hiện nay (nghiên cứu trường hợp thành phố Thủ Dầu Một - tỉnh Bình Dương)</subfield>
  </datafield>
  <datafield tag="245" ind1=" " ind2="0">
   <subfield code="c">Đỗ Mạnh Tuấn; PGS.TS. Lê Ngọc Văn (Hướng dẫn)</subfield>
  </datafield>
  <datafield tag="260" ind1=" " ind2=" ">
   <subfield code="c">2012</subfield>
  </datafield>
  <datafield tag="300" ind1=" " ind2=" ">
   <subfield code="a">132tr</subfield>
  </datafield>
  <datafield tag="520" ind1=" " ind2=" ">
   <subfield code="a">Chuyên ngành: Xã hội học;Mã số 60 21 30; Thư mục tài liệu tham khảo tr.100 - 103;  Luận văn thạc sĩ Xã hội học Học viện Khoa học xã hội - Viện Khoa học xã hội Việt Nam,2012</subfield>
  </datafield>
  <datafield tag="650" ind1=" " ind2=" ">
   <subfield code="a">Luận văn; Xã hội học</subfield>
   <subfield code="x">Gia đình trẻ</subfield>
   <subfield code="z">Bình Dương; Gia đình</subfield>
   <subfield code="z">Việt Nam</subfield>
   <subfield code="x">Quan hệ vợ chồng</subfield>
  </datafield>
  <datafield tag="700" ind1=" " ind2=" ">
   <subfield code="a">Lê, Ngọc Văn</subfield>
  </datafield>
  <datafield tag="856" ind1=" " ind2=" ">
   <subfield code="u">http://lrc.tdmu.edu.vn/opac/search/detail.asp?aID=2&amp;ID=16992</subfield>
  </datafield>
  <datafield tag="980" ind1=" " ind2=" ">
   <subfield code="a">Trung tâm Học liệu Trường Đại học Thủ Dầu Một</subfield>
  </datafield>
 </record>
</collection>
